Normal view
MARC view
- Carpio, Joy N.
Entry Personal Name
001 - CONTROL NUMBER
- control field: 51757
003 - CONTROL NUMBER IDENTIFIER
- control field: OSt
005 - DATE AND TIME OF LATEST TRANSACTION
- control field: 20240207103703.0
008 - FIXED-LENGTH DATA ELEMENTS
- fixed length control field: 240207|| aca||aabn | a|a d
040 ## - CATALOGING SOURCE
- Original cataloging agency: OSt
- Transcribing agency: OSt
100 ## - HEADING--PERSONAL NAME
- Personal name: Carpio, Joy N.
670 ## - SOURCE DATA FOUND
- Source citation: Work cat.: (OSt): Carpio, Joy N., Statistics & probability /, ©2023.
